Central Library OPAC University of Rajshahi

Rural power structure : (Record no. 34123)

MARC details
000 -LEADER
fixed length control field 00886nam a2200265 a 4500
001 - CONTROL NUMBER
control field 34123
003 - CONTROL NUMBER IDENTIFIER
rucl marc code BD-RjUL
005 - DATE AND TIME OF LATEST TRANSACTION
control field 20211209052117.0
008 - FIXED-LENGTH DATA ELEMENTS--GENERAL INFORMATION
fixed length control field 140514s1981 bg b 000 0 eng d
035 ## - SYSTEM CONTROL NUMBER
System control number (BD-RjUL)34217
040 ## - CATALOGING SOURCE
Original cataloging agency DLC
Transcribing agency DLC
Modifying agency DLC
-- BD-RjUL
Language of cataloging eng
041 ## - LANGUAGE CODE
Language code of text/sound track or separate title eng
082 00 - DEWEY DECIMAL CLASSIFICATION NUMBER
Classification number 320.8095492
Edition number 19
Author mark and year RAR 1981
100 1# - MAIN ENTRY--PERSONAL NAME
Personal name Rahman, Atiur,
Dates associated with a name 1951-
9 (RLIN) 13753
245 10 - TITLE STATEMENT
Title Rural power structure :
Remainder of title a study of the local level leaders in Bangladesh /
Statement of responsibility, etc. Atiur Rahman.
260 ## - PUBLICATION, DISTRIBUTION, ETC. (IMPRINT)
Place of publication, distribution, etc. Dacca :
Name of publisher, distributor, etc. Papri Publishers :
-- distributed by Bangladesh Books International,
Date of publication, distribution, etc. 1981.
300 ## - PHYSICAL DESCRIPTION
Pagination viii, 63 p. ;
Size 23 cm.
504 ## - BIBLIOGRAPHY, ETC. NOTE
Bibliography, etc Bibliography: p. 59-63.
650 #0 - SUBJECT ADDED ENTRY--TOPICAL TERM
Topical term or geographic name as entry element Local government
Geographic subdivision Bangladesh.
9 (RLIN) 7800
Topical term or geographic name as entry element Politicians
Geographic subdivision Bangladesh.
9 (RLIN) 103733
Topical term or geographic name as entry element Rural development
Geographic subdivision Bangladesh.
9 (RLIN) 103734
942 ## - ADDED ENTRY ELEMENTS (KOHA)
Source of classification or shelving scheme Dewey Decimal Classification
Koha item type Books
Holdings
Lost status Source of classification or shelving scheme Damaged status Not for loan Collection code Permanent Location Current Location Shelving location Date acquired Source of acquisition Cost, normal purchase price Total Checkouts Full call number Date last seen Copy number Koha item type
  Dewey Decimal Classification     Non-fiction Central Library, University of Rajshahi Central Library, University of Rajshahi   25/06/1984 Book Syntex 30.00   320.8095492 RAR 1981 14/05/2014 C-2 Books